[Event "83º Final Campeonato Argentino Superior"]
[Site "La Plata, Bs. As."]
[Date "2008.08.04"]
[Round "6"]
[White "Ricardi, Pablo"]
[Black "Alonso, Salvador"]
[Result "1/2-1/2"]
[WhiteElo "2515"]
[BlackElo "2437"]

1.e4 c5 2.Nf3 Nc6 3.Bb5 e6 4.c3 Nge7 5.d4 cxd4 6.cxd4 d5 7.e5 Nf5 8.Nc3 Bd7 9.O-O
Be7 10.g4 Nh4 11.Nxh4 Bxh4 12.f4 Be7 13.Be3 O-O  1/2-1/2

[Event "83º Final Campeonato Argentino Superior"]
[Site "La Plata, Bs. As."]
[Date "2008.08.04"]
[Round "6"]
[White "Lemos, Damian"]
[Black "Orsini, Antonio"]
[Result "1-0"]
[WhiteElo "2479"]
[BlackElo "2341"]

1.d4 Nf6 2.Nf3 g6 3.g3 Bg7 4.Bg2 O-O 5.O-O d6 6.c4 c5 7.Nc3 Nc6 8.d5 Na5 9.Nd2 a6
10.Rb1 Rb8 11.Qc2 b5 12.b3 h5 13.Bb2 Bf5 14.e4 Bd7 15.Ne2 e5 16.dxe6 Bxe6 17.Nf4
Bd7 18.cxb5 axb5 19.Rbd1 Nc6 20.Nf3 Qe7 21.Rfe1 Bg4 22.h3 Bxf3 23.Bxf3 Ne5 24.Bg2
Rfe8 25.Nd3 Qa7 26.Bxe5 dxe5 27.Qxc5 Qxa2 28.Nxe5 Qxb3 29.Nc6 Rb7 30.Na5  1-0

[Event "83º Final Campeonato Argentino Superior"]
[Site "La Plata, Bs. As."]
[Date "2008.08.04"]
[Round "6"]
[White "Felgaer, Ruben"]
[Black "Quiroga, Facundo"]
[Result "1-0"]
[WhiteElo "2566"]
[BlackElo "2339"]

1.e4 c5 2.Nf3 d6 3.d4 cxd4 4.Nxd4 Nf6 5.Nc3 a6 6.a4 Nc6 7.Be2 e5 8.Nb3 Be7 9.Bg5
O-O 10.O-O h6 11.Bxf6 Bxf6 12.Nd5 Bg5 13.a5 Be6 14.Bg4 Bxd5 15.Qxd5 Qc7 16.Ra4
g6 17.Rc4 Rad8 18.g3 Qb8 19.h4 Bf6 20.h5 Kg7 21.Qd3 Ne7 22.Rb4 Rfe8 23.Rb6 Qc7
24.Rd1 Nc6 25.Qd5 Be7 26.Rd3  1-0

[Event "83º Final Campeonato Argentino Superior"]
[Site "La Plata, Bs. As."]
[Date "2008.08.06"]
[Round "7"]
[White "Quiroga, Facundo"]
[Black "Kovalyov, Anton"]
[Result "0-1"]
[WhiteElo "2339"]
[BlackElo "2548"]

1.e4 c5 2.Nf3 d6 3.d4 cxd4 4.Nxd4 Nf6 5.Nc3 a6 6.Bg5 e6 7.f4 Qc7 8.Bxf6 gxf6 9.Qh5
Qc5 10.Qxc5 dxc5 11.Nb3 b6 12.Be2 Nc6 13.O-O-O Rb8 14.a4 h5 15.Rhf1 h4 16.Kb1 Rg8 17.f5
Rxg2 18.fxe6 fxe6 19.Rxf6 Ne5 20.h3 Ke7 21.Rdf1 Bg7 22.R6f4 c4 23.Nd4 Bd7 24.Rxh4
Rh8 25.Rxh8 Bxh8 26.h4 Rh2 27.h5 Be8 28.Nxe6 Kxe6 29.Rf8 Bxa4 30.Rxh8 Rh1+ 31.Bd1
Bc6 32.Kc1 b5 33.Rb8 Nd7 34.Re8+ Kd6 35.Kd2 b4 36.Nd5 a5 37.Ne3 Nf6 38.Nf5+ Kc5
39.Re5+ Kb6 40.Bf3 Rh2+ 41.Kc1 Nd7 42.Re6 Nc5 43.Rf6 Kc7 44.Rf7+ Bd7 45.h6 b3 46.cxb3
Nd3+ 47.Kd1 Nxb2+ 48.Ke1 cxb3 49.Ne3 Nd3+ 50.Kd1 b2 51.Nd5+ Kb8  0-1

[Event "83º Final Campeonato Argentino Superior"]
[Site "La Plata, Bs. As."]
[Date "2008.08.06"]
[Round "7"]
[White "Orsini, Antonio"]
[Black "Felgaer, Ruben"]
[Result "0-1"]
[WhiteElo "2341"]
[BlackElo "2566"]

1.e4 c5 2.Nf3 Nc6 3.d4 cxd4 4.Nxd4 Nf6 5.Nc3 e5 6.Ndb5 d6 7.Bg5 a6 8.Na3 b5 9.Nd5
Be7 10.Bxf6 Bxf6 11.c4 b4 12.Nc2 a5 13.g3 O-O 14.Bg2 Be6 15.O-O Bg5 16.Qd3 Ne7 17.Nde3
Bxe3 18.Nxe3 Qc7 19.Rac1 Rfd8 20.Kh1 a4 21.f4 f6 22.Nd5 Qb7 23.Nxe7+ Qxe7 24.f5
Bf7 25.Rfd1 Qc7 26.Bf3 Kf8 27.g4 Qc5 28.Rd2 Ke7 29.Kg2 Rdb8 30.Be2 b3 31.a3 Rc8
32.Rc3 Ra6 33.Rd1 Rac6 34.Rdc1 Qd4 35.Bf1 g6 36.Qe2 gxf5 37.exf5 h5 38.h3 hxg4
39.hxg4 Rg8 40.Rg3 Bd5+ 41.Kh2 Rh8+ 42.Bh3 Rxc4 43.Rxc4 Bxc4 44.Qg2 Bd5  0-1

[Event "83º Final Campeonato Argentino Superior"]
[Site "La Plata, Bs. As."]
[Date "2008.08.06"]
[Round "7"]
[White "Alonso, Salvador"]
[Black "Lemos, Damian"]
[Result "1/2-1/2"]
[WhiteElo "2437"]
[BlackElo "2479"]

1.e4 e6 2.d4 d5 3.Nc3 Nf6 4.Bg5 Bb4 5.e5 h6 6.Bd2 Bxc3 7.bxc3 Ne4 8.Qg4 g6 9.Qf4
c5 10.Bd3 Nxd2 11.Qxd2 Bd7 12.Nf3 Bc6 13.O-O Nd7 14.Rfe1 c4 15.Bf1 g5 16.g3 Qe7 17.Bg2
O-O-O 18.Qe3 Rdg8 19.a4 Nf8 20.a5 h5 21.Nd2 Qc7 22.f4 gxf4 23.gxf4 h4 24.Kh1 h3
25.Bf1 Ng6 26.Nf3 Qe7 27.Re2 Rh5 28.Rf2 Rf5 29.Bxh3 Rxf4 30.Rg1 Rf8 31.Ng5 Rxf2
32.Qxf2 Be8 33.Rg3 Rh8 34.Bf1 Rh4 35.Nf3 Rh8 36.h3 f6 37.exf6 Qxf6 38.Qe3 Nh4 39.Qe5
Qxe5 40.Nxe5 Nf5 41.Rg5 Kd8 42.Kh2 Ke7 43.Be2 Kf6 44.Rg1 b6 45.axb6 axb6 46.Ra1
Bg6 47.Ra6 Bh7 48.Rxb6 Ne3 49.Bg4 Bf5 50.Kg3 Nxc2 51.Rb7 Rh7 52.Rb2 Na1 53.Bxf5
Kxf5 54.Rf2+ Ke4 55.Rf3 Rg7+ 56.Ng4 Nc2 57.Kf2 Nxd4 58.Re3+ Kf4 59.cxd4 Rb7 60.Rxe6
Rb2+ 61.Re2 c3 62.Ne3 Ke4 63.Nd1+ Rxe2+ 64.Kxe2 Kxd4 65.Nf2 Ke5 66.Kf3 Kf5 67.h4
d4 68.Nd3 c2 69.Nc1 Ke5 70.Nd3+ Kf5 71.Nc1 Ke5 72.Nd3+ Kf5  1/2-1/2

[Event "83º Final Campeonato Argentino Superior"]
[Site "La Plata, Bs. As."]
[Date "2008.06.08"]
[Round "7"]
[White "Pierrot, Facundo"]
[Black "Ricardi, Pablo"]
[Result "0-1"]
[WhiteElo "2421"]
[BlackElo "2515"]

1.e4 c5 2.c3 d5 3.exd5 Qxd5 4.d4 Nf6 5.Nf3 cxd4 6.cxd4 g6 7.Nc3 Qd8 8.Bc4 Bg7 9.O-O
O-O 10.h3 a6 11.Re1 b5 12.Bb3 Nc6 13.a3 Bb7 14.Bg5 Rc8 15.Qe2 h6 16.Bf4 Na5 17.Ba2
Nc4 18.a4 Nd5 19.Nxd5 Bxd5 20.axb5 axb5 21.Ne5 e6 22.Nxc4 bxc4 23.Rec1 Qh4 24.Qe3
Ra8 25.Be5 Qg5 26.Qxg5 hxg5 27.Rc3 Bxe5 28.dxe5 Rfb8 29.Ra3 Rxa3 30.bxa3 c3 31.Bb1
Rb2 32.Bd3 Rd2 33.Bb5 Bb3  0-1

[Event "83º Final Campeonato Argentino Superior"]
[Site "La Plata, Bs. As."]
[Date "2008.08.06"]
[Round "7"]
[White "Peralta, Fernando"]
[Black "Tristan, Leonardo"]
[Result "1/2-1/2"]
[WhiteElo "2558"]
[BlackElo "2366"]

1.d4 g6 2.e4 d6 3.c4 Bg7 4.Nc3 Nc6 5.d5 Nd4 6.Be3 c5 7.Nge2 Qb6 8.Na4 Qa5+ 9.Bd2
Qa6 10.Nxd4 Bxd4 11.Nc3 Bd7 12.Bd3 Nf6 13.O-O O-O 14.Ne2 Bg4 15.Bh6 Rfe8 16.Kh1
Bxe2 17.Qxe2 e6 18.dxe6 Rxe6 19.f3 Rae8 20.a3 Nd7 21.Qc2 Ne5 22.Rab1 Qa5 23.Bd2
Qd8 24.b4 b6 25.Be2 Qh4 26.Qc1 f5 27.Qe1  1/2-1/2

[Event "83º Final Campeonato Argentino Superior"]
[Site "La Plata, Bs. As."]
[Date "2008.08.06"]
[Round "7"]
[White "Di Benedetto, Guillermo"]
[Black "Flores, Diego"]
[Result "0-1"]
[WhiteElo "2300"]
[BlackElo "2553"]

1.d4 d6 2.c4 e5 3.Nf3 e4 4.Ng5 f5 5.Nc3 Be7 6.Nh3 Nf6 7.e3 c6 8.Be2 O-O 9.O-O Na6
10.f4 d5 11.b3 h6 12.a4 Be6 13.Ba3 Nb4 14.Na2 a5 15.Bxb4 axb4 16.c5 b6 17.Nxb4
Qd7 18.Na6 Qb7 19.a5 bxc5 20.Nxc5 Bxc5 21.dxc5 Rfb8 22.a6 Qxb3 23.Qxb3 Rxb3 24.Rfb1
Rxe3 25.a7 Nd7 26.Bh5 Rc3 27.Be8 Rxe8 28.a8=Q Rxa8 29.Rxa8+ Kf7 30.Rc8 Rxc5 31.Nf2 Rc2
32.g4 fxg4 33.Rc7 Ke7 34.Ra7 g5 35.fxg5 hxg5 36.Rb8 Kd6 37.Rd8 e3 38.Nd3 Rd2 39.Nb4
Rd1+ 40.Kg2 e2 41.Nc2 Rc1  0-1

[Event "83º Final Campeonato Argentino Superior"]
[Site "La Plata, Bs. As."]
[Date "2008.08.07"]
[Round "8"]
[White "Tristan, Leonardo"]
[Black "Di Benedetto, Guillermo"]
[Result "1/2-1/2"]
[WhiteElo "2366"]
[BlackElo "2300"]

1.e4 c5 2.Nf3 Nc6 3.Bb5 g6 4.Bxc6 dxc6 5.d3 Bg7 6.h3 Nf6 7.Nc3 Nd7 8.Be3 e5 9.Qd2
Qe7 10.O-O Nf8 11.Bh6 Bxh6 12.Qxh6 f6 13.Nd2 Ne6 14.Ne2 g5 15.Nc4 Rg8 16.Qh5+ Rg6 17.Ne3
Qf7 18.Nf5 Kd8 19.Qf3 Nf4 20.c3 Bxf5 21.exf5 Rg7 22.d4 Qd5 23.Nxf4 gxf4 24.Qxd5+
cxd5 25.dxe5 fxe5 26.Rad1 Ke7 27.Rxd5 Rag8 28.Rxe5+ Kf6 29.Rxc5 Rxg2+ 30.Kh1 f3
31.Rc7 R8g5 32.Rxh7 Kxf5 33.Rf7+ Ke4 34.Re1+ Kd3 35.Rxf3+ Kd2 36.Ra1 Ke2 37.Rg3
Kxf2 38.Rxg2+ Rxg2 39.Rd1 Rg6 40.Rd2+ Kf3 41.Kh2 b5 42.h4 Rg4 43.Rd3+ Ke2 44.Rd4
Rg7 45.h5 Rg5 46.Rh4 Kf2 47.Rf4+ Ke3 48.Rh4  1/2-1/2

[Event "83º Final Campeonato Argentino Superior"]
[Site "La Plata, Bs. As."]
[Date "2008.08.07"]
[Round "8"]
[White "Lemos, Damian"]
[Black "Pierrot, Facundo"]
[Result "1/2-1/2"]
[WhiteElo "2479"]
[BlackElo "2421"]

1.d4 Nf6 2.c4 g6 3.g3 c6 4.Bg2 d5 5.Nf3 Bg7 6.O-O O-O 7.cxd5 cxd5 8.Ne5 Ng4 9.Nxg4
Bxg4 10.Nc3 Nc6 11.h3 Bd7 12.e3 e6 13.b3 Re8 14.Bb2 Ne7 15.Qe2 Rc8 16.Rfc1 Nf5 17.Qd2
Nd6 18.a4 Bc6 19.Ba3 Qd7 20.a5 Nb5 21.Bc5 Nxc3 22.Rxc3 a6 23.Rac1 Bb5 24.Bb6 Rxc3
25.Qxc3 Bc6 26.Bf1 Rc8 27.b4 Qe8 28.Qb2 Bd7 29.Rxc8 Qxc8 30.b5 axb5 31.Bxb5 Qe8
32.Bd3 Bc6 33.Qc2 Qd7 34.h4 h5 35.Bc5 Bb5 36.Qb1 Bxd3 37.Qxd3 Bf6 38.a6 bxa6 39.Qxa6
Bg7 40.Qa8+ Kh7 41.Kg2 Bf6 42.Qb8 Kg7 43.f3 Qd8  1/2-1/2

[Event "83º Final Campeonato Argentino Superior"]
[Site "La Plata, Bs. As."]
[Date "2008.08.07"]
[Round "8"]
[White "Felgaer, Ruben"]
[Black "Alonso, Salvador"]
[Result "1-0"]
[WhiteElo "2566"]
[BlackElo "2437"]

1.e4 c5 2.Nf3 e6 3.d4 cxd4 4.Nxd4 Nf6 5.Nc3 d6 6.g3 Bd7 7.Bg2 Nc6 8.Nb3 Be7 9.O-O
O-O 10.Kh1 Ne5 11.a4 Rc8 12.f4 Nc4 13.Qd3 a6 14.Nd4 Qc7 15.h3 Rfe8 16.g4 h6 17.b3
Ne3 18.Bxe3 Qxc3 19.Qxc3 Rxc3 20.Bd2 Rcc8 21.c4 d5 22.exd5 exd5 23.cxd5 Bc5 24.Nf3
Ne4 25.Be1 f6 26.Rd1 h5 27.gxh5 Nd6 28.Nh4 b5 29.a5 b4 30.f5 Bb5 31.Rf4 Be2 32.Ra1
Re3 33.Bxb4 Rxb3 34.Bxc5 Rxc5 35.Re1 Bxh5 36.Re6 Nc4 37.Ng6 Rb8 38.Rc6 Rxc6 39.dxc6
Nd6 40.c7 Rb1+ 41.Kh2 Ra1 42.Rd4  1-0

[Event "83º Final Campeonato Argentino Superior"]
[Site "La Plata, Bs. As."]
[Date "2008.08.07"]
[Round "8"]
[White "Quiroga, Facundo"]
[Black "Orsini, Antonio"]
[Result "0-1"]
[WhiteElo "2339"]
[BlackElo "2341"]

1.d4 Nf6 2.c4 g6 3.Nc3 Bg7 4.e4 d6 5.Be2 O-O 6.Nf3 Na6 7.O-O e5 8.Re1 Qe8 9.Bf1
Bg4 10.d5 Nb4 11.Be2 a5 12.h3 Bd7 13.Nb5 Na6 14.Bf1 Nh5 15.a3 f5 16.b4 Nf6 17.exf5
gxf5 18.Bb2 Kh8 19.Ng5 h6 20.Nf3 axb4 21.axb4 Bxb5 22.cxb5 Nxb4 23.Rxa8 Qxa8 24.Bc4
b6 25.Nh4 Re8 26.Nxf5 Nbxd5 27.Nxg7 Kxg7 28.g3 Ne7 29.f4 Ng6 30.f5 Ne7 31.g4 Ned5
32.Kh2 Nf4 33.Qc2 Qf3 34.Bf1 N6d5 35.Bc1 Ra8 36.f6+ Kxf6 37.Qf5+ Kg7 38.Qc2 Kh8
39.Rd1 Nb4 40.Bg2 Nxg2 41.Qxg2 Ra2 42.Rd2 Qxg2+ 43.Kxg2 Rxd2+ 44.Bxd2 Nd5 45.Bxh6
Nc3 46.Kf3 d5 47.g5 Nxb5 48.h4 Nd4+ 49.Kg4 Kh7 50.h5 e4 51.Bf8 e3 52.Be7 e2  0-1

[Event "83º Final Campeonato Argentino Superior"]
[Site "La Plata, Bs. As."]
[Date "2008.08.08"]
[Round "9"]
[White "Alonso, Salvador"]
[Black "Quiroga, Facundo"]
[Result "1-0"]
[WhiteElo "2437"]
[BlackElo "2339"]

1.e4 c5 2.Nf3 d6 3.d4 cxd4 4.Nxd4 Nf6 5.Nc3 a6 6.Bc4 e6 7.Bb3 Nbd7 8.Bg5 Nc5 9.f4
Be7 10.Qf3 Qc7 11.O-O-O Bd7 12.Rhe1 O-O 13.Kb1 Bc6 14.f5 Nxb3 15.axb3 e5 16.Bxf6 Bxf6
17.Nde2 Rfc8 18.Ng3 a5 19.Qd3 Be7 20.Nf1 a4 21.Ne3 axb3 22.cxb3 b5 23.b4 Bg5 24.Ned5
Qa7 25.Kc2 Bxd5 26.Qxd5 Qa4+ 27.Qb3 Qa7 28.Qd5 Qf2+ 29.Kb1 Ra6 30.Re2 Qa7 31.Kc2
Rac6 32.Qb3 Be3 33.Kb1 Bd4 34.Nxb5 Qa8 35.Na3  1-0

[Event "83º Final Campeonato Argentino Superior"]
[Site "La Plata, Bs. As."]
[Date "2008.08.08"]
[Round "9"]
[White "Pierrot, Facundo"]
[Black "Felgaer, Ruben"]
[Result "0-1"]
[WhiteElo "2421"]
[BlackElo "2566"]

1.e4 c5 2.Nf3 d6 3.d4 cxd4 4.Nxd4 Nf6 5.Nc3 g6 6.Be3 Bg7 7.f3 a6 8.Qd2 Nbd7 9.Bh6
Bxh6 10.Qxh6 b5 11.a4 b4 12.Nd1 Qb6 13.Nb3 Ne5 14.a5 Qc7 15.Qd2 O-O 16.Ne3 Be6 17.Nd4
d5 18.Nxe6 fxe6 19.exd5 Rfd8 20.Bd3 exd5 21.O-O Qc5 22.Kh1 Nc6 23.f4 Rd6 24.f5
g5 25.Ng4 Kh8 26.Nh6 Rf8 27.Qxg5 Qd4 28.Bxa6 Ne4 29.Qh4 Nc5 30.Qh5 Qg7 31.f6 Rdxf6 32.Nf5
Nxa6  0-1

[Event "83º Final Campeonato Argentino Superior"]
[Site "La Plata, Bs. As."]
[Date "2008.08.08"]
[Round "9"]
[White "Di Benedetto, Guillermo"]
[Black "Ricardi, Pablo"]
[Result "0-1"]
[WhiteElo "2300"]
[BlackElo "2515"]

1.d4 Nf6 2.c4 e6 3.Nf3 b6 4.g3 Ba6 5.b3 Bb4+ 6.Bd2 Be7 7.Bg2 c6 8.O-O d5 9.Nc3 O-O
10.Bf4 Nbd7 11.Qc2 Rc8 12.Rfd1 c5 13.dxc5 Bxc5 14.e4 Ng4 15.exd5 Nxf2 16.Rf1 e5
17.Na4 Nh3+ 18.Kh1 Nxf4 19.gxf4 exf4 20.Nxc5 Nxc5 21.Qf5 Qd6 22.Nd4 Rce8 23.Qxf4
Qxf4 24.Rxf4 Bc8 25.Rd1 Bd7 26.b4 Na4 27.d6 Nb2 28.Rc1 Nd3 29.Rff1 Nxb4 30.c5 bxc5 31.Rxc5
Rc8 32.Rfc1 Nxa2 33.Rxc8 Rxc8 34.Rxc8+ Bxc8 35.Bc6 Nb4 36.d7 Bxd7 37.Bxd7 Kf8 38.Ba4
g6 39.Kg2 Ke7 40.Kg3 f5 41.h4 Kf6 42.h5 g5 43.h6 Kg6 44.Be8+ Kf6 45.Bd7 f4+ 46.Kf3
Nd3 47.Bf5 Ne5+ 48.Ke4 Nf7 49.Bxh7 Nxh6 50.Kf3 Nf7 51.Nc6 Ne5+ 52.Nxe5 Kxe5 53.Bc2
a5 54.Bd1 Kd4 55.Ba4 Kc3 56.Kg4 Kb4  0-1

[Event "83º Final Campeonato Argentino Superior"]
[Site "La Plata, Bs. As."]
[Date "2008.08.08"]
[Round "9"]
[White "Flores, Diego"]
[Black "Tristan, Leonardo"]
[Result "1-0"]
[WhiteElo "2553"]
[BlackElo "2366"]

1.c4 g6 2.d4 Bg7 3.e4 d6 4.Nc3 Nc6 5.d5 Nd4 6.Nge2 c5 7.Nxd4 Bxd4 8.Bd3 Bd7 9.O-O
Nf6 10.Ne2 Bg4 11.Qa4+ Qd7 12.Qxd7+ Nxd7 13.Nxd4 cxd4 14.f3 Nc5 15.Rd1 Nxd3 16.Rxd3 Bd7
17.Rxd4 O-O 18.Be3 Rfc8 19.a4 b6 20.b3 a6 21.e5 dxe5 22.Re4 b5 23.Rxe5 e6 24.dxe6
fxe6 25.Rd1 Bc6 26.axb5 axb5 27.Rxe6 bxc4 28.bxc4 Ba4 29.Rd4 Bb3 30.Rd7 Rxc4 31.Ree7 Rc2
32.h4 Re2 33.Rg7+ Kf8 34.Bh6 Ke8 35.Rc7 Rc2 36.Rce7+ Kd8 37.Bg5  1-0

[Event "83º Final Campeonato Argentino Superior"]
[Site "La Plata, Bs. As."]
[Date "2008.08.09"]
[Round "10"]
[White "Kovalyov, Anton"]
[Black "Tristan, Leonardo"]
[Result "0-1"]
[WhiteElo "2548"]
[BlackElo "2366"]

1.c4 f5 2.g3 Nf6 3.Bg2 g6 4.Nc3 Bg7 5.d3 O-O 6.e4 d6 7.Nge2 Nc6 8.O-O e5 9.Nd5 Be6
10.Bg5 Qd7 11.Qd2 Rf7 12.Rac1 Raf8 13.f3 Nd8 14.exf5 Bxf5 15.d4 Bh3 16.dxe5 Nxd5
17.cxd5 Bxe5 18.f4 Bg7 19.Bxh3 Qxh3 20.Nd4 c5 21.Nf3 h6 22.Bxd8 Rxd8 23.Rf2 Rdf8
24.Rcf1 Rf5 25.Kh1 Qh5 26.Qa5 g5 27.Qxa7 Qf7 28.h3 gxf4 29.g4 Rxd5 30.Qa4 Rd3
31.Kh2 Re8 32.Rd1 Rxd1 33.Qxd1 d5 34.Nh4 d4 35.Nf5 Qe6 36.Qd3 Qe4 37.Qb3+ Re6 38.Qb5
f3 39.Qb3 d3 40.Kg3 c4 41.Qa4 Be5+ 42.Kh4 Qf4 43.Qa8+ Kh7 44.Qxb7+ Kg6  0-1

[Event "83º Final Campeonato Argentino Superior"]
[Site "La Plata, Bs. As."]
[Date "2008.08.09"]
[Round "10"]
[White "Ricardi, Pablo"]
[Black "Flores, Diego"]
[Result "0-1"]
[WhiteElo "2515"]
[BlackElo "2553"]

1.e4 c5 2.Nf3 e6 3.d4 cxd4 4.Nxd4 a6 5.Be2 Qc7 6.O-O Bc5 7.Nc3 Nf6 8.Bg5 Nc6 9.Nxc6
bxc6 10.Kh1 h6 11.Bh4 g5 12.Bg3 e5 13.Bc4 d6 14.f4 gxf4 15.Bxf4 exf4 16.Rxf4 d5 17.Rxf6
dxc4 18.Qh5 Bd4 19.e5 Bxc3 20.Raf1 Rf8 21.bxc3 Qe7 22.Qf3 Bb7 23.Rb1 O-O-O 24.Rxc6+
Kb8 25.Rxa6 Rd7 26.Rab6 Rc8 27.Rxh6 Rc5 28.Rd6 Rxe5 29.Rdd1 Ka8 30.Qg4 Rxd1+ 31.Qxd1
Re2 32.Qd4 Bxg2+ 33.Kg1 Bc6 34.Qh8+ Be8  0-1

[Event "83º Final Campeonato Argentino Superior"]
[Site "La Plata, Bs. As."]
[Date "2008.08.09"]
[Round "10"]
[White "Lemos, Damian"]
[Black "Di Benedetto, Guillermo"]
[Result "1-0"]
[WhiteElo "2479"]
[BlackElo "2300"]

1.d4 f5 2.g3 g6 3.Bg2 Bg7 4.Nf3 Nf6 5.O-O O-O 6.c4 d6 7.Nc3 Qe8 8.Re1 Qf7 9.b3 Ne4
10.Bb2 Nxc3 11.Bxc3 Nc6 12.Rc1 h6 13.d5 Ne5 14.Nxe5 dxe5 15.Qd2 Bd7 16.Qb2 e4 17.f3
exf3 18.exf3 Bxc3 19.Qxc3 Rae8 20.Qe3 f4 21.Qxa7 Bc8 22.Re4 fxg3 23.hxg3 g5 24.Rce1
Bf5 25.Re5 Ra8 26.Qf2 Rfe8 27.a4 c6 28.f4 Bd7 29.fxg5 Qxf2+ 30.Kxf2 hxg5 31.Rxe7 Rf8+
32.Kg1 Rfe8 33.Rxe8+ Bxe8 34.Re5 Kf7 35.Rxg5 Kf6 36.Rg8 Kf7 37.Rh8 b5 38.dxc6 bxa4
39.bxa4 Kg7 40.c7  1-0

[Event "83º Final Campeonato Argentino Superior"]
[Site "La Plata, Bs. As."]
[Date "2008.08.09"]
[Round "10"]
[White "Felgaer, Ruben"]
[Black "Peralta, Fernando"]
[Result "0-1"]
[WhiteElo "2566"]
[BlackElo "2558"]

1.e4 c6 2.d4 d5 3.e5 Bf5 4.Be3 e6 5.Nd2 Nd7 6.f4 h5 7.Be2 Qb6 8.Nb3 a5 9.a4 Bb4+
10.c3 Be7 11.Nf3 Nh6 12.O-O Ng4 13.Bc1 Nh6 14.Be3 Ng4 15.Bc1 Nh6 16.h3 h4 17.Be3
Bg6 18.Nfd2 Nf5 19.Bf2 O-O 20.Ra2 Rfc8 21.Nf3 Bh5 22.Nbd2 c5 23.Qe1 Bxf3 24.Nxf3
cxd4 25.Bb5 Nf8 26.Nxd4 Nxd4 27.Bxd4 Bc5 28.Bxc5 Qxc5+ 29.Kh1 d4 30.Qxh4 dxc3 31.bxc3 Qxc3
32.Raf2 Qb4 33.Qg5 Nh7 34.Qh5 g6 35.Qf3 Rab8 36.h4 Rc3 37.Qg4 Re3 38.h5 Rxe5 39.hxg6
Nf6 40.Qg3 Rh5+ 41.Kg1 Ne4 42.Qg4 Qc5 43.gxf7+ Kxf7 44.f5 Qxf2+ 45.Rxf2 Rh1+  0-1

[Event "83º Final Campeonato Argentino Superior"]
[Site "La Plata, Bs. As."]
[Date "2008.08.09"]
[Round "10"]
[White "Quiroga, Facundo"]
[Black "Pierrot, Facundo"]
[Result "0-1"]
[WhiteElo "2339"]
[BlackElo "2421"]

1.Nf3 Nf6 2.g3 g6 3.Bg2 Bg7 4.O-O O-O 5.c4 c6 6.d4 d5 7.cxd5 cxd5 8.Nc3 e6 9.Ne5
Nfd7 10.Nxd7 Bxd7 11.Be3 Nc6 12.Qd2 Qe7 13.f3 Rfc8 14.Rac1 Qb4 15.Rfd1 Rc7 16.Bf4 Rcc8
17.e3 Na5 18.Ne4 Qxd2 19.Nxd2 Bf8 20.e4 Nc6 21.Nb1 Bg7 22.e5 f6 23.Nc3 fxe5 24.dxe5
Nxe5 25.Bh3 Nxf3+ 26.Kf2 Ne5 27.Bxe5 Bxe5 28.Nxd5 Rxc1 29.Rxc1 Bxb2 30.Rc7 Bd4+
31.Ke1 Rd8 32.Rxb7 Kh8 33.Nf4 Bb6 34.Bg2 e5 35.Nd3 Bf5 36.Nb4 Rd7 37.Rb8+ Kg7 38.Nd5
Bd4 39.h3 Be6 40.Nb4 Bc3+ 41.Kf1 Rd1+ 42.Kf2 Rd2+ 43.Kg1 Bd4+ 44.Kh1 a5 45.Rb7+ Kh6
46.Nc6 Rxg2  0-1

[Event "83º Final Campeonato Argentino Superior"]
[Site "La Plata, Bs. As."]
[Date "2008.08.09"]
[Round "10"]
[White "Orsini, Antonio"]
[Black "Alonso, Salvador"]
[Result "1-0"]
[WhiteElo "2341"]
[BlackElo "2437"]

1.e4 c5 2.Nf3 e6 3.Nc3 a6 4.d4 cxd4 5.Nxd4 Nc6 6.Be3 Qc7 7.f4 b5 8.Bd3 Bb7 9.Nb3
Na5 10.Nxa5 Qxa5 11.O-O b4 12.Nb1 Nf6 13.Nd2 Bc5 14.Qe2 O-O 15.Nb3 Bxe3+ 16.Qxe3 Qc7
17.Qc5 Qb8 18.Rae1 Qa7 19.Kh1 Qxc5 20.Nxc5 Bc6 21.Nxa6 Bxe4 22.Nxb4 Bb7 23.a3 Rfc8
24.c4 Kf8 25.f5 Ke7 26.Kg1 Rab8 27.Rf2 Ba8 28.Rc2 g6 29.fxe6 fxe6 30.Rf2 d5 31.c5
Nd7 32.Ref1 Nxc5 33.Rf7+ Kd6 34.Bb1 Nd7 35.Rxh7 Ne5 36.Ra7 Bb7 37.Nd3 Nc4 38.Rf7
Bc6 39.b4 Be8 40.Rf6 Ra8 41.Rxa8 Rxa8 42.Nc5 Bd7 43.Bxg6 Rxa3 44.h4 Ne5 45.h5 Ra1+ 46.Rf1
Rxf1+ 47.Kxf1 Bb5+ 48.Kf2 Ke7 49.Bb1 Kf6 50.Kg3 Nf7 51.Bd3 Bxd3 52.Nxd3 e5 53.b5
Nd6 54.b6 e4 55.Nc5 Kg5 56.b7 Nxb7 57.Nxb7 d4 58.Nc5 d3 59.Nxe4+ Kxh5 60.Kf4  1-0

[Event "83º Final Campeonato Argentino Superior"]
[Site "LA Plata, Bs. As."]
[Date "2008.08.11"]
[Round "11"]
[White "Peralta, Fernando"]
[Black "Quiroga, Facundo"]
[Result "1/2-1/2"]
[WhiteElo "2558"]
[BlackElo "2339"]

1.d4 Nf6 2.c4 e6 3.Nc3 Bb4 4.e3 O-O 5.Bd3 d5 6.Nf3 c5 7.O-O Nc6 8.a3 Bxc3 9.bxc3
Qc7 10.Bb2 dxc4 11.Bxc4 e5 12.h3 cxd4 13.cxd4 Nxd4 14.Nxe5 Qxe5 15.Bxd4 Qg5 16.Qf3 Qg6
17.Ba2 Bf5 18.Bb1 Be4 19.Bxe4 Nxe4 20.Rfc1 Ng5 21.Qg4 h5 22.Qd7 Rad8 23.Qb5 Nxh3+
24.Kf1  1/2-1/2

[Event "83º Final Campeonato Argentino Superior"]
[Site "La Plata, Bs. As."]
[Date "2008.08.11"]
[Round "11"]
[White "Di Benedetto, Guillermo"]
[Black "Felgaer, Ruben"]
[Result "0-1"]
[WhiteElo "2300"]
[BlackElo "2566"]

1.d4 d5 2.c4 c6 3.Nf3 Nf6 4.Nc3 dxc4 5.a4 Bf5 6.e3 e6 7.Bxc4 Bb4 8.O-O O-O 9.Qe2
Bg6 10.Ne5 Nbd7 11.Nxg6 hxg6 12.Rd1 Qa5 13.Bd2 e5 14.dxe5 Nxe5 15.Bb3 Rad8 16.Be1 Qb6
17.Rxd8 Rxd8 18.Rd1 Re8 19.Ba2 a5 20.h3 g5 21.Kh1 g4 22.hxg4 Nexg4 23.Qc4 Qc7 24.g3
Bxc3 25.bxc3 Ne4 26.Rd4 Qe7  0-1